The Walk to Land´s End

Salvato in:
Dettagli Bibliografici
Autore principale: Thoreau, Henry David
Natura: Libro
Lingua:Undetermined
Pubblicazione: New York, Estados Unidos The New American Library 1965
Soggetti:
Tags: Aggiungi Tag
Nessun Tag, puoi essere il primo ad aggiungerne!!

MARC

LEADER 00000nam a2200000Ia 4500
008 170316s9999 xx 000 0 und d
040 |a cru BVZT 
090 |a 810 T-18wt 
100 |a Thoreau, Henry David 
245 4 |a The Walk to Land´s End 
260 |a New York, Estados Unidos 
260 |b The New American Library 
260 |c 1965 
300 |a 126 páginas 
650 |a LITERATURA ESTADOUNIDENSE 
999 |c 6182  |d 6182 
942 |c 15 D  |h 810 T-18wt  |2 z